00300nam a2200133Ia 45000030006000000080041000060400015000471000022000622450034000842500010001182600009001285460012001370050017001490STCL150530s9999 xx 000 0 und d aSTCLcSTCL aHarry Johnson, G. aTheory of income distribution aFirst c1973 aEnglish20220125165614.0